LDR 01675nam#a2200217#i#450# 001 3640 005 20260430095959.4 008 _ 20260429d2026####ek#y0engy0150####ca 020 ## _$a978-5-369-03015-8 044 ## _$axxu 080 ## _$aСравнительное правоведение. 340.5 _$aТеория. Понятие и основы уголовного права. Право наказывать. Исправление правонарушителя. 343.01 _$aОбязательственное право. Договоры. Соглашения. 347.4 084 ## _$aОбщая теория права. 670 _2bbk 084 ## _$aГражданское и торговое право. Семейное право. 67404 _2bbk 084 ## _$aУголовное право. 67408 _2bbk 100 #1 _$aKlyepitskiy, Ivan 245 00 _$aCausality in Law _$cMonography 260 1# _$aMoscow _$bPublishing Center RIOR _$c2026 300 ## _$a311 p. 500 ## _$aThis monograph examines complex issues of establishing causation in the criminal and civil law of Russia, Germany, France, Italy, and England. It proposes a practical theory of causation (risk theory) and its variations for criminal and civil law. The appendix contains a translation of the doctoral dissertation by the founder of legal phenomenology, Adolf Reinach, "On the Concept of Causation in Current Criminal Law". The book is intended for practicing lawyers, researchers, professors, and students of law schools and faculties at all levels of training. _$alaw, causation in law, criminal law, civil law, comparative law, Adolf Reinach _$a10.29039/03015-8 533 ## _$aThere is an electronic copy 856 4# _$ariorpub.com _$u